Cricket: Highest Individual Career ODI Batting Average - Statistics

General Stats
  • This quiz has been taken 69 times
    34 since last reset
  • The average score is 16 of 24
Answer Stats
Country Years Runs Average Answer % Correct
IND 2008-2022* 12311 58.07 Virat Kohli
100%
PAK 2015-2022* 4441 60.01 Babar Azam
91%
ENG 2013-2022* 6109 51.33 Joe Root
91%
SA 2005-2018 9577 53.50 AB de Villiers
88%
NZ 2010-2022* 6173 47.48 Kane Williamson
88%
IND 2007-2022* 9283 48.60 Rohit Sharma
88%
IND 1989-2012 18426 44.83 Sachin Tendulkar
81%
AUS 2009-2022* 5455 45.45 David Warner
78%
NZ 2006-2022 8607 47.55 Ross Taylor
78%
SA 2008-2019 8113 49.46 Hashim Amla
75%
IND 2004-2019 10773 50.57 MS Dhoni
75%
WI 1975-1991 6721 47.00 Sir Viv Richards
75%
ENG 2011-2022* 3498 47.91 Jonny Bairstow
66%
SA 2011-2019 5507 47.47 Faf du Plessis
63%
SA 2013-2022* 5658 46.00 Quinton de Kock
63%
PAK 2017-2022* 2458 54.62 Imam-ul-Haq
59%
WI 2016-2022* 4030 51.66 Shai Hope
59%
IND 2010-2022* 6294 45.53 Shikhar Dhawan
59%
PAK 2017-2022* 2455 45.46 Fakhar Zaman
56%
AUS 2004-2012 5442 48.15 Michael Hussey
47%
ENG 2009-2013 2819 51.25 Jonathan Trott
44%
WI 1975-1991 5134 45.03 Sir Gordon Greenidge
44%
AUS 1994-2004 6912 53.58 Michael Bevan
41%
PAK 1974-1985 2572 47.62 Zaheer Abbas
34%
No matching quizzes found
Score Distribution
Percent of People with Each Score
Percentile by Number Answered
Your Score History
You have not taken this quiz since the last reset